Statystyki dla Wszyscy strzelcy PKO Ekstraklasy w sezonie 21/22

Kliknij tutaj aby rozwiązać quiz!

Ogólne statystyki

  • Ten quiz został rozwiązany 56 razy
  • Średni wynik to 49 z 259

Statystyki odpowiedzi

KlubKrajGoleZawodnik% Poprawnych
Pogoń SzczecinPolska9Kamil Grosicki
66%
Górnik ZabrzeNiemcy9Lukas Podolski
59%
Legia WarszawaCzechy9Tomas Pekhart
59%
Raków CzęstochowaHiszpania20Ivi Lopez
56%
Lech PoznańSzwecja18Mikael Ishak
56%
Lechia GdańskPolska14Łukasz Zwoliński
53%
Legia WarszawaPolska6Paweł Wszołek
53%
Górnik ŁęcznaPolska11Bartosz Śpiączka
50%
Śląsk WrocławHiszpania11Erik Exposito
50%
Radomiak RadomPolska18Karol Angielski
50%
Raków CzęstochowaŁotwa10Vladislavs Gutkovskis
50%
Wisła KrakówGhana5Yaw Yeboah
50%
Legia WarszawaAlbania4Ernest Muci
47%
Lechia GdańskPortugalia10Flavio Paixao
47%
Jagiellonia BiałystokHiszpania9Jesus Imaz
47%
Legia WarszawaPortugalia2Josue
47%
Pogoń SzczecinSłowenia11Luka Zahović
47%
CracoviaRumunia4Sergiu Hanca
47%
Górnik ZabrzePolska8Bartosz Nowak
44%
CracoviaHolandia8Pelle Van Amersfoort
44%
Lech PoznańWybrzeże Kości Słoniowej1Adrian Ba Loua
41%
Lech PoznańPolska4Dawid Kownacki
41%
Lech PoznańPortugalia14Joao Amaral
41%
TermalicaPolska9Piotr Wlazło
41%
Lech PoznańChorwacja4Antonio Milić
38%
Lech PoznańSzkocja1Barry Douglas
38%
Śląsk WrocławPolska7Fabian Piasecki
38%
Lech PoznańPolska9Jakub Kamiński
38%
Pogoń SzczecinPolska6Sebastian Kowalczyk
38%
Piast GliwicePolska6Damian Kądzior
34%
Górnik ZabrzePolska9Krzysztof Kubica
34%
Lech PoznańSłowacja1Lubomir Satka
34%
Legia WarszawaAzerbejdżan2Mahir Emreli
34%
TermalicaBośnia i hercegowina11Muris Mesanović
34%
Lech PoznańGruzja2Nika Kvekveskiri
34%
CracoviaGruzja3Otar Kakabadze
34%
Lech PoznańPolska3Bartosz Salamon
31%
CracoviaRumunia3Cornel Rapa
31%
Lech PoznańHiszpania1Dani Ramirez
31%
Wisła KrakówKazachstan1Georgiy Zhukov
31%
Górnik ZabrzeHiszpania8Jesus Jimenez
31%
Piast GliwicePolska5Kamil Wilczek
31%
Radomiak RadomBrazylia4Leandro
31%
Legia WarszawaPolska3Maciej Rosołek
31%
CracoviaPolska3Michał Rakoczy
31%
Lech PoznańPortugalia1Pedro Rebocho
31%
Śląsk WrocławSłowacja6Robert Pich
31%
Warta PoznańSłowacja9Adam Zrelak
28%
Górnik ZabrzeGambia2Alasana Manneh
28%
Legia WarszawaPolska1Bartosz Slisz
28%
Raków CzęstochowaPolska/USA1Ben Lederman
28%
Jagiellonia BiałystokLitwa4Fedor Cernych
28%
Warta PoznańKolumbia4Frank Castaneda
28%
Raków CzęstochowaChorwacja2Fran Tudor
28%
Wisła KrakówCzechy2Jan Kliment
28%
Górnik ŁęcznaPolska4Janusz Gol
28%
Górnik ŁęcznaBelgia2Jason Lokilo
28%
CracoviaPolska4Kamil Pestka
28%
Lechia GdańskPolska4Maciej Gajos
28%
Jagiellonia BiałystokHiszpania3Marc Gual
28%
TermalicaPolska2Mateusz Grzybek
28%
Raków CzęstochowaPolska7Mateusz Wdowiak
28%
Legia WarszawaPolska4Mateusz Wieteska
28%
Pogoń SzczecinPolska5Michał Kucharczyk
28%
Raków CzęstochowaPolska1Patryk Kun
28%
Legia WarszawaPortugalia5Rafael Lopes
28%
Wisła PłockPolska4Rafał Wolski
28%
Wisła KrakówCzechy2Zdenek Ondrasek
28%
Piast GliwiceHiszpania6Alberto Toril
25%
Zagłębie LubinPolska6Filip Starzyński
25%
Lechia GdańskTurcja6Ilkay Durmus
25%
CracoviaPolska3Jakub Myszor
25%
Pogoń SzczecinBrazylia3Jean Carlos
25%
Raków CzęstochowaPolska3Marcin Cebula
25%
Stal MielecPolska7Mateusz Mak
25%
Zagłębie LubinPolska11Patryk Szysz
25%
Lech PoznańPortugalia1Pedro Tiba
25%
CracoviaBrazylia1Rivaldinho
25%
Raków CzęstochowaCzechy2Tomas Petrasek
25%
Jagiellonia BiałystokCzechy6Tomas Prikryl
25%
Lech PoznańPolska1Alan Czerwiński
22%
Radomiak RadomPolska4Dawid Abramowicz
22%
Wisła KrakówKostaryka2Felicio Brown-Forbes
22%
CracoviaKosowo1Florian Loshaj
22%
Legia WarszawaUkraina1Igor Kharatin
22%
Piast GliwicePolska3Jakub Czerwiński
22%
Lech PoznańSzwecja1Jesper Karlstrom
22%
Pogoń SzczecinPolska3Kacper Kozłowski
22%
TermalicaPolska2Kacper Śpiewak
22%
Pogoń SzczecinPolska7Kamil Drygas
22%
Piast GliwiceWęgry3Kristopher Vida
22%
Wisła PłockPolska13Łukasz Sekulski
22%
CracoviaNiemcy1Marcos Alvarez
22%
Piast GliwicePolska2Martin Konczkowski
22%
Legia WarszawaSzwecja1Mattias Johansson
22%
Lech PoznańPolska2Michał Skóraś
22%
Raków CzęstochowaPolska3Sebastian Musiolik
22%
Jagiellonia BiałystokPolska3Taras Romanczuk
22%
TermalicaCzechy2Tomas Poznar
22%
Raków CzęstochowaPolska2Andrzej Niewulis
19%
Jagiellonia BiałystokPolska3Bartosz Bida
19%
Lechia GdańskBrazylia1Conrado
19%
Wisła PłockPolska3Damian Rasak
19%
Radomiak RadomPolska1Dominik Sokół
19%
Wisła KrakówIzrael1Dor Hugi
19%
Stal MielecPolska8Grzegorz Tomasiewicz
19%
Pogoń SzczecinPolska1Jakub Bartkowski
19%
Stal MielecPolska2Krystian Getinger
19%
Warta PoznańPolska1Łukasz Trałka
19%
Lechia GdańskNiemcy4Marco Terrazzino
19%
Wisła KrakówSerbia1Marko Poletanovic
19%
Wisła PłockPolska5Mateusz Szwoch
19%
Stal MielecPolska2Mateusz Żyro
19%
CracoviaDania2Mathias Rasmussen
19%
Wisła KrakówSłowacja2Michal Skvarka
19%
Jagiellonia BiałystokPolska1Michał Żyro
19%
Legia WarszawaPolska7Patryk Sokołowski
19%
Górnik ZabrzePolska5Piotr Krawczyk
19%
Pogoń SzczecinPolska1Piotr Parzyszek
19%
Lech PoznańPolska1Radosław Murawski
19%
Górnik ZabrzePolska2Rafał Janicki
19%
Radomiak RadomBrazylia2Raphael Rossi
19%
TermalicaSłowacja1Samuel Stefanik
19%
Wisła KrakówAustria3Stefan Savic
19%
Piast GliwiceSłowacja2Tomas Huk
19%
Raków CzęstochowaChorwacja1Zoran Arsenić
19%
TermalicaPolska2Adam Radwański
16%
TermalicaUkraina1Artem Putivtsev
16%
Górnik ŁęcznaPolska5Damian Gąska
16%
Raków CzęstochowaRumunia1Deian Sorescu
16%
Górnik ZabrzeSłowenia1Erik Janza
16%
Lechia GdańskPolska1Kacper Sezonienko
16%
Pogoń SzczecinGrecja3Konstantinos Triantafyllopoulos
16%
Radomiak RadomWenezuela1Mario Rondon
16%
Pogoń SzczecinPolska1Mariusz Fornalczyk
16%
Wisła PłockChorwacja4Marko Kolar
16%
Zagłębie LubinCzechy4Martin Dolezal
16%
Radomiak RadomBrazylia5Maurides
16%
Warta PoznańPortugalia3Miguel Luis
16%
Pogoń SzczecinPolska1Rafał Kurzawa
16%
Warta PoznańFinlandia1Robert Ivanov
16%
Lech PoznańPolska1Tomasz Kędziora
16%
Śląsk WrocławHiszpania1Victor Garcia
16%
Górnik ZabrzePolska1Adrian Gryszkiewicz
13%
Warta PoznańPolska1Adrian Lis
13%
Lechia GdańskNiemcy1Christian Clemens
13%
Pogoń SzczecinPolska1Damian Dąbrowski
13%
Wisła KrakówHolandia2Elvis Manu
13%
Raków CzęstochowaPortugalia1Fabio Sturgeon
13%
CracoviaSłowacja1Filip Balaj
13%
Raków CzęstochowaGrecja1Giannis Papanikolaou
13%
Jagiellonia BiałystokHiszpania3Israel Puerto
13%
Zagłębie LubinPolska4Kacper Chodyna
13%
Zagłębie LubinJaponia1Koki Hinokio
13%
Wisła PłockSłowacja1Kristian Vallo
13%
Wisła KrakówHiszpania3Luis Fernandez
13%
Zagłębie LubinPolska1Łukasz Łakomy
13%
Stal MielecPolska1Maciej Domański
13%
Legia WarszawaPolska1Maik Nawrocki
13%
Górnik ŁęcznaPolska1Marcel Wędrychowski
13%
Pogoń SzczecinPolska1Mateusz Łęgowski
13%
Śląsk WrocławPolska4Mateusz Praszelik
13%
Lechia GdańskPolska2Mateusz Żukowski
13%
Piast GliwicePolska4Michał Chrapek
13%
Wisła KrakówCzechy4Michal Frydrych
13%
Lechia GdańskPolska1Michał Nalepa
13%
Raków CzęstochowaSerbia1Milan Rundic
13%
Stal MielecPolska3Oskar Zawada
13%
Śląsk WrocławPolska1Rafał Makowski
13%
Zagłębie LubinSłowenia2Sasa Zivec
13%
Lechia GdańskPolska1Tomasz Makowski
13%
Pogoń SzczecinArmenia3Vahan Bichakhchyan
13%
Stal MielecBułgaria1Aleksandar Kolev
9%
Jagiellonia BiałystokPolska1Andrzej Trubeha
9%
Wisła PłockPolska6Damian Warchoł
9%
Warta PoznańPolska2Dawid Szymonowicz
9%
Śląsk WrocławPolska1Dennis Jastrzembski
9%
Jagiellonia BiałystokBrazylia2Diego Carioca
9%
Śląsk WrocławChorwacja1Dino Stiglec
9%
Wisła PłockCzarnogóra1Dusan Lagator
9%
TermalicaPolska1Ernest Terpilowski
9%
Lechia GdańskPolska1Filip Koperski
9%
Jagiellonia BiałystokPolska2Filip Piszczek
9%
Górnik ZabrzeHiszpania3Higinio Marin
9%
Piast GliwiceSłowacja1Jakub Holubek
9%
Wisła PłockGwinea-Bissau1Jorginho
9%
Wisła KrakówPolska2Konrad Gruszkowski
9%
Zagłębie LubinPolska1Łukasz Poręba
9%
Pogoń SzczecinPolska3Maciej Żurawski
9%
Stal MielecPolska3Maksymilian Sitek
9%
CracoviaChorwacja/Bośnia i Hercegowina2Matej Rodin
9%
Górnik ZabrzePolska1Mateusz Cholewiak
9%
Warta PoznańPolska1Mateusz Kupczak
9%
Stal MielecPolska1Mateusz Matras
9%
TermalicaCzechy1Michal Hubinek
9%
Warta PoznańBelgia2Milan Corryn
9%
TermalicaSerbia1Nemanja Tekijaski
9%
Śląsk WrocławCzechy2Petr Schwarz
9%
Jagiellonia BiałystokPolska1Przemysław Mystkowski
9%
TermalicaPolska1Wiktor Biedrzycki
9%
Raków CzęstochowaPolska1Wiktor Długosz
9%
Śląsk WrocławPolska5Adrian Łyszczarz
6%
Piast GliwicePolska1Ariel Mosór
6%
Piast GliwicePolska2Arkadiusz Pyrka
6%
Wisła KrakówHolandia1Ashraf El Mahdioui
6%
Jagiellonia BiałystokPolska1Błażej Augustyn
6%
Śląsk WrocławHiszpania2Cayetano Quintana
6%
Wisła PłockPolska1Damian Michalski
6%
Górnik ZabrzeHiszpania1Dani Pacheco
6%
Górnik ZabrzePolska1Dariusz Pawłowski
6%
Śląsk WrocławPortugalia1Diogo Verdasca
6%
Stal MielecPolska1Dominik Steczyk
6%
Zagłębie LubinCzechy3Erik Daniel
6%
Wisła PłockSłowacja1Filip Lesniak
6%
Wisła KrakówGruzja1Giorgi Tsitaishvili
6%
Lechia GdańskPolska2Jarosław Kubicki
6%
Górnik ŁęcznaHiszpania1Jonathan De Amo
6%
Radomiak RadomPortugalia2Luis Machado
6%
Stal MielecPolska1Marcin Flis
6%
Zagłębie LubinPolska2Mateusz Bartolewski
6%
Warta PoznańPolska1Mateusz Kuzimski
6%
Warta PoznańPolska2Miłosz Szczepański
6%
Wisła KrakówSerbia1Nikola Kuveljic
6%
TermalicaPolska1Patrik Czarnowski
6%
Wisła PłockPolska2Piotr Tomasik
6%
Górnik ZabrzePolska3Robert Dadok
6%
Radomiak RadomPortugalia1Tiago Matos
6%
Wisła PłockAzerbejdżan2Anton Kryvotsiuk
3%
Stal MielecBułgaria1Bozhidar Chorbadzhiyski
3%
Lechia GdańskPolska1Jakub Kałuziński
3%
Zagłębie LubinPolska1Jakub Żubrowski
3%
Warta PoznańPolska3Jan Grzesik
3%
Jagiellonia BiałystokPolska1Karol Struski
3%
Wisła KrakówPolska1Maciej Sadlok
3%
Śląsk WrocławPolska1Marcel Zylla
3%
Wisła KrakówPolska1Mateusz Młyński
3%
Radomiak RadomPolska1Mateusz Radecki
3%
Piast GliwicePolska1Michael Ameyaw
3%
Warta PoznańPolska2Michał Kopczyński
3%
Jagiellonia BiałystokPolska1Miłosz Matysik
3%
Śląsk WrocławPolska1Patryk Janasik
3%
Górnik ŁęcznaPolska4Przemysław Banaszak
3%
Wisła PłockPolska1Radosław Cielemięcki
3%
Wisła KrakówSzwecja1Sebastian Ring
3%
Wisła KrakówPolska1Serafin Szota
3%
Śląsk WrocławPolska1Szymon Lewkot
3%
Zagłębie LubinCzechy2Tomas Zajic
3%
Zagłębie LubinPolska1Tomasz Pieńko
3%
Wisła PłockPolska1Aleksander Pawlak
0%
Stal MielecPolska1Arkadiusz Kasperkiewicz
0%
Radomiak RadomPolska1Artur Bogusz
0%
Zagłębie LubinPolska1Kamil Kruk
0%
Warta PoznańPolska1Konrad Matuszewski
0%
Stal MielecPolska1Konrad Wrzesiński
0%
Zagłębie LubinChorwacja1Lorenco Simic
0%
Warta PoznańPolska1Mateusz Czyżycki
0%
Legia WarszawaPolska1Mateusz Hołownia
0%
Piast GliwiceSerbia1Nikola Stojiljković
0%
Zagłębie LubinRosja1Yevgeni Bashkirov
0%

Rozkład punktacji

Percentyl według liczby udzielonych odpowiedzi

Procent ludzi z każdym wynikiem

Twoja historia wyników

Nie rozwiązałeś tego quizu